জীবনের জয়গান / (Record no. 40243)
[ view plain ]
| 000 -LEADER | |
|---|---|
| fixed length control field | 01052nam a2200253 a 4500 |
| 001 - CONTROL NUMBER | |
| control field | 40243 |
| 003 - CONTROL NUMBER IDENTIFIER | |
| rucl marc code | BD-RjUL |
| 005 - DATE AND TIME OF LATEST TRANSACTION | |
| control field | 20211209053157.0 |
| 008 - FIXED-LENGTH DATA ELEMENTS--GENERAL INFORMATION | |
| fixed length control field | 160426s1954 ru ||||| |||| 00| 0 ben d |
| 020 ## - INTERNATIONAL STANDARD BOOK NUMBER | |
| Terms of availability | IRs. 3.50 |
| 035 ## - SYSTEM CONTROL NUMBER | |
| System control number | (BD-RjUL)40358 |
| 040 ## - CATALOGING SOURCE | |
| Original cataloging agency | BD-RjUL |
| Language of cataloging | ben |
| Transcribing agency | BD-RjUL |
| 041 ## - LANGUAGE CODE | |
| Language code of text/sound track or separate title | ben |
| 082 ## - DEWEY DECIMAL CLASSIFICATION NUMBER | |
| Edition number | 23 |
| Classification number | 891.73 |
| Author mark and year | PAJ 1954 |
| 100 ## - MAIN ENTRY--PERSONAL NAME | |
| Personal name | পাভলেঙ্কো, পিয়োতর্ |
| 9 (RLIN) | 123973 |
| 245 10 - TITLE STATEMENT | |
| Title | জীবনের জয়গান / |
| Statement of responsibility, etc. | পিয়োতর্ পাভলেঙ্কো ; অনুবাদ : অমল দাশগুপ্ত |
| 260 ## - PUBLICATION, DISTRIBUTION, ETC. (IMPRINT) | |
| Place of publication, distribution, etc. | কলিকাতা : |
| Name of publisher, distributor, etc. | ন্যাশনাল বুক এজেন্সি, |
| Date of publication, distribution, etc. | ১৯৫৪ |
| 300 ## - PHYSICAL DESCRIPTION | |
| Pagination | [৮], ৩৫৯ পৃ. ; |
| Size | ২১ সেমি. |
| 500 ## - GENERAL NOTE | |
| General note | স্তালিন পুরস্কার : ১৯৪৭ |
| 650 ## - SUBJECT ADDED ENTRY--TOPICAL TERM | |
| Topical term or geographic name as entry element | রাশিয়ান উপন্যাস |
| 9 (RLIN) | 122082 |
| Topical term or geographic name as entry element | Russian Fiction |
| 9 (RLIN) | 122083 |
| 700 ## - ADDED ENTRY--PERSONAL NAME | |
| Personal name | দাশগুপ্ত, অমল, অনুবাদক |
| 942 ## - ADDED ENTRY ELEMENTS (KOHA) | |
| Source of classification or shelving scheme | Dewey Decimal Classification |
| Koha item type | Books |
| Lost status | Source of classification or shelving scheme | Damaged status | Not for loan | Collection code | Permanent Location | Current Location | Shelving location | Date acquired | Source of acquisition | Cost, normal purchase price | Total Checkouts | Full call number | Date last seen | Copy number | Koha item type |
|---|---|---|---|---|---|---|---|---|---|---|---|---|---|---|---|
| Dewey Decimal Classification | Not For Loan | Fiction | Central Library, University of Rajshahi | Central Library, University of Rajshahi | Reading Room | 16/10/1959 | Warrsi book centre | 4.09 | B 891.73 PAJ 1954 | 26/04/2016 | C-1 | Books | |||
| Dewey Decimal Classification | Fiction | Central Library, University of Rajshahi | Central Library, University of Rajshahi | 13/02/1967 | N/A | 4.00 | B 891.73 PAJ 1954 | 01/06/2016 | C-2 | Books | |||||
| Dewey Decimal Classification | Non-fiction | Central Library, University of Rajshahi | Central Library, University of Rajshahi | 13/02/1967 | N/A | 4.00 | B 891.73 PAJ 1954 | 14/07/2016 | C-4 | Books | |||||
| Dewey Decimal Classification | Non-fiction | Central Library, University of Rajshahi | Central Library, University of Rajshahi | 09/10/1959 | N/A | 4.00 | B 891.73 PAJ 1954 | 21/08/2016 | C-5 | Books |